Die 10 größten Monde unseres Sonnensystems - Statistiken

Allgemein
  • Dieses Quiz wurde 239 mal gespielt
  • Das Durchschnittsergebnis liegt bei 5 aus 10
Antwortstatistiken
⌀ in km Planet Mond % Korrekt
3476 Erde Mond
94%
3122 Jupiter Europa
82%
3643 Jupiter Io
74%
5150 Saturn Titan
71%
5262 Jupiter Ganymed
61%
4821 Jupiter Kallisto
45%
2706 Neptun Triton
41%
1578 Uranus Titania
30%
1522 Uranus Oberon
22%
1528 Saturn Rhea
20%
Keine übereinstimmenden Quizze gefunden
Verteilung der Resultate
Anzahl Personen mit jedem Resultat
Perzentil nach korrekt beantworteten Fragen
Ihre Resultats-Entwicklung
Sie haben dieses Quiz noch nicht gespielt